000 01531nam a2200385 a 4500
001 dia_5460
003 CHAP
005 20240830130058.0
007 ta
008 220117s1989 mx adb f 001 0 spa d
040 _cCHAP
_amxchpua
090 _aT.C.81
_bE87 IAI
_c1989
245 1 0 _aReporte de viaje de estudios a la región del Soconusco (Chiapas) /
_ccoordinadores Teodoro Espinosa Solares y Adalberto Gómez Cruz ; colaboradores Guillermo Colorado Méndez ...[y otros]
260 _aMéxico :
_bEl autor,
_c1989
300 _a165 hojas :
_bilustraciones, tablas, gráficas, mapas
336 _2rdacontent
_atexto
_btxt
337 _2rdamedia
_asin medio
_bn
338 _2rdacarrier
_avolumen
_bnc
500 _aGrado : 5° Grupo :
502 _aViaje de estudios
_b(IAI) --
_cUACh. Departamento de Ingeniería Agroindustrial,
_d1989
504 _aBibliografía : páginas 164-165
650 1 0 _aCafé
_xAspectos económicos
_zMéxico
_zChiapas
_9158647
650 1 3 _aIndustria platanera
_9158667
_zMéxico
_zChiapas
650 1 3 _aCoffee
_xEconomical aspects
_9158666
_zMexico
_zChiapas
650 1 3 _aPlantains (fruit)
_9158668
_zMexico
_zChiapas
700 1 _aColorado Méndez, Guillermo
_9158834
_ecolaborador
700 1 _aEspinosa Solares, Teodoro
_9153069
_ecoordinador
700 1 _aGómez Cruz, Adalberto
_9147645
_ecoordinador
901 _aT.C.81 E87 IAI 1989
902 _aM
905 _a5332271989 mx bmn 8222223322spa16
942 _2local
942 _cVE
999 _c176379
_d176379